| 000 | 01946nam a22004214a 4500 | ||
|---|---|---|---|
| 001 | ebr10167891 | ||
| 003 | CaPaEBR | ||
| 006 | m u | ||
| 007 | cr cn||||||||| | ||
| 008 | 020730s2003 ctua sb 000 0 eng | ||
| 010 | _z 2002012135 | ||
| 020 | _z0300088132 (cloth : alk. paper) | ||
| 040 |
_aCaPaEBR _cCaPaEBR |
||
| 035 | _a(OCoLC)182530152 | ||
| 043 | _an-us--- | ||
| 050 | 1 | 4 |
_aHD1761 _b.F564 2003eb |
| 082 | 0 | 4 |
_a338.1/0973 _221 |
| 100 | 1 | _aFitzgerald, Deborah Kay. | |
| 245 | 1 | 0 |
_aEvery farm a factory _h[electronic resource] : _bthe industrial ideal in American agriculture / _cDeborah Fitzgerald. |
| 260 |
_aNew Haven : _bYale University Press, _cc2003. |
||
| 300 |
_axi, 242 p. : _bill. |
||
| 490 | 1 | _aYale agrarian studies series | |
| 504 | _aIncludes bibliographical references (p. 197-234). | ||
| 533 |
_aElectronic reproduction. _bPalo Alto, Calif. : _cebrary, _d2013. _nAvailable via World Wide Web. _nAccess may be limited to ebrary affiliated libraries. |
||
| 650 | 0 |
_aAgriculture _xEconomic aspects _zUnited States _xHistory _y20th century. |
|
| 650 | 0 |
_aFamily farms _zUnited States _xHistory _y20th century. |
|
| 650 | 0 |
_aAgricultural credit _zUnited States _xHistory _y20th century. |
|
| 650 | 0 |
_aFarms, Size of _xEconomic aspects _zUnited States _xHistory _y20th century. |
|
| 650 | 0 |
_aFarm mechanization _xEconomic aspects _zUnited States _xHistory _y20th century. |
|
| 650 | 0 |
_aAgriculture _xCapital investments _zUnited States _xHistory _y20th century. |
|
| 650 | 0 |
_aFarm mortgages _zUnited States _xHistory _y20th century. |
|
| 650 | 0 |
_aBusiness cycles _zUnited States _xHistory _y20th century. |
|
| 650 | 0 |
_aFarm foreclosures _zUnited States _xHistory _y20th century. |
|
| 655 | 7 |
_aElectronic books. _2local |
|
| 710 | 2 | _aebrary, Inc. | |
| 830 | 0 | _aYale agrarian studies. | |
| 856 | 4 | 0 |
_uhttp://site.ebrary.com/lib/rucke/Doc?id=10167891 _zAn electronic book accessible through the World Wide Web; click to view |
| 999 |
_c137067 _d137067 |
||